000 00819nam a22002777a 4500
003 UA-OsUOA
001 58537
007 ta
008 20090216b un ||||| |||| 00| 0 ukr d
100 _aАндон Ф.И.
700 _aКоваль Г.И.
700 _aКоротун Т.М.
090 _a004.4
_bА65
942 _cBK
040 _aUA-OsUOA
_brus
_cUA-OsUOA
_dUA-OsUOA
245 _aОсновы инженерии качества программных систем
300 _a672 с.
955 _a2
041 _arus
080 _a004.4
020 _a978-966-360-068-0
260 _aК.
_bАкадемпериодика
_c2007
250 _nВид. 2-ге, перероб. і допов.
650 7 _a00 Загальні питання науки і культури
_2UDC
999 _c344622
_d344622